| 000 | 00926nam a2200229 u 4500 | ||
|---|---|---|---|
| 001 | 000006882 | ||
| 005 | 20220215094030.0 | ||
| 008 | 090903s1984 dr r 001 0 spa d | ||
| 040 |
_aDO-SdBNP _bspa _cBNPHU |
||
| 082 |
_a332.46 _bC212c |
||
| 100 | 1 |
_aCanahuate Disla, Francisco, _d1948- _98272 |
|
| 245 | 1 | 3 |
_aLa política fiscal, monetaria y cambiaria de la República Dominicana 1960-1983 / _cFrancisco Canahuate Disla. |
| 260 |
_aSanto Domingo : _bCorripio, _c1984. |
||
| 300 |
_a620 p. ; _c24 cm. |
||
| 500 | _aIncluye índice alfabético de materias | ||
| 500 | _aIncluye referencias bibliográficas y notas al pie de las páginas | ||
| 500 | _aIncluye datos biográficos del autor en la solapa de la cubierta | ||
| 590 | _aInventariado, 2018/MFF | ||
| 650 | 4 |
_aPolítica fiscal _zRepública Dominicana _97390 |
|
| 650 | 4 |
_aPolítica monetaria _zRepública Dominicana _95998 |
|
| 910 | _aValidado. Control de calidad MFF | ||
| 999 |
_c6670 _d6670 |
||